Entrepreneurial finance / (Record no. 18557)
[ view plain ]
| 000 -LEADER | |
|---|---|
| fixed length control field | 00876cam a22002655a 4500 |
| 005 - DATE AND TIME OF LATEST TRANSACTION | |
| control field | 20161108144648.0 |
| 008 - FIXED-LENGTH DATA ELEMENTS--GENERAL INFORMATION | |
| fixed length control field | 141106t2014 njua frd 001 0 eng d |
| 020 ## - INTERNATIONAL STANDARD BOOK NUMBER | |
| International Standard Book Number | 9780133376951 |
| 020 ## - INTERNATIONAL STANDARD BOOK NUMBER | |
| International Standard Book Number | 0133376958 |
| 040 ## - CATALOGING SOURCE | |
| Original cataloging agency | EG-ScBUE |
| Language of cataloging | eng |
| Transcribing agency | EG-ScBUE |
| Modifying agency | EG-ScBUE |
| 082 04 - DEWEY DECIMAL CLASSIFICATION NUMBER | |
| Edition number | 22 |
| Classification number | 658.1592 |
| Item number | ADE |
| 100 1# - MAIN ENTRY--PERSONAL NAME | |
| Personal name | Adelman, Philip J. |
| 9 (RLIN) | 36458 |
| 245 10 - TITLE STATEMENT | |
| Title | Entrepreneurial finance / |
| Statement of responsibility, etc | Philip J. Adelman, Alan M. Marks. |
| 250 ## - EDITION STATEMENT | |
| Edition statement | 6th ed., International ed. |
| 260 ## - PUBLICATION, DISTRIBUTION, ETC. (IMPRINT) | |
| Place of publication, distribution, etc | Upper Saddle River : |
| Name of publisher, distributor, etc | Pearson Education, |
| Date of publication, distribution, etc | c.2014. |
| 300 ## - PHYSICAL DESCRIPTION | |
| Extent | xi, 487 p. : |
| Other physical details | ill. ; |
| Dimensions | 26 cm. |
| 500 ## - GENERAL NOTE | |
| General note | Index : p. 477-487. |
| 500 ## - GENERAL NOTE | |
| General note | Glossary : p. 463-475. |
| 590 ## - LOCAL NOTE (RLIN) | |
| Local note | SAMEH -- Add item |
| 650 #7 - SUBJECT ADDED ENTRY--TOPICAL TERM | |
| Topical term or geographic name as entry element | Small business |
| General subdivision | Finance. |
| 9 (RLIN) | 36459 |
| Source of heading or term | BUEsh |
| 653 ## - INDEX TERM--UNCONTROLLED | |
| Resource For college | BAEPS, Business Administration |
| Arrived date list | November2014 |
| -- | November2016 |
| 653 ## - INDEX TERM--UNCONTROLLED | |
| Resource For college | BAEPS, Business Administration |
| Arrived date list | August 2016 |
| 700 1# - ADDED ENTRY--PERSONAL NAME | |
| Personal name | Marks, Alan M. |
| 9 (RLIN) | 36460 |
| 942 ## - ADDED ENTRY ELEMENTS (KOHA) | |
| Source of classification or shelving scheme | Dewey Decimal Classification |
| Call number prefix | 658.1592 ADE |
| Withdrawn status | Item status | Source of classification or shelving scheme | Damaged status | Not for loan | Vendor | Home library | Current library | Shelving location | Date acquired | Source of acquisition | Cost, normal purchase price | Serial Enumeration / chronology | Total Checkouts | Full call number | Barcode | Date last seen | Cost, replacement price | Koha item type | Total Renewals | Date last borrowed |
|---|---|---|---|---|---|---|---|---|---|---|---|---|---|---|---|---|---|---|---|---|
| Dewey Decimal Classification | Baccah | Central Library | Central Library | First floor | 06/11/2014 | 246.00 | 20677 | 658.1592 ADE | 000036953 | 15/07/2025 | 307.50 | Book - Borrowing | ||||||||
| Dewey Decimal Classification | Baccah | Central Library | Central Library | First floor | 10/08/2016 | Purchase | 352.00 | 25846 | 1 | 658.1592 ADE | 000033215 | 15/07/2025 | 440.00 | Book - Borrowing | 4 | 21/02/2018 | ||||
| Dewey Decimal Classification | Baccah | Central Library | Central Library | First floor | 10/08/2016 | Purchase | 352.00 | 25846 | 1 | 658.1592 ADE | 000033214 | 15/07/2025 | 440.00 | Book - Borrowing | 28/09/2016 | |||||
| Dewey Decimal Classification | Baccah | Central Library | Central Library | First floor | 08/11/2016 | Purchase | 352.00 | 3656 | 658.1592 ADE | 000034256 | 15/07/2025 | 440.00 | Book - Borrowing |